000 00879nam a22002417a 4500
999 _c979
_d979
003 AR-CdUCM
008 190226b ||||| |||| 00| 0 spa d
040 _aMUNICIPALIDAD PROVINCIAL DEL CUSCO
_cBIBLIOTECA MUNICIPAL DEL CUSCO
041 _hfre
082 _a962.3 /
_bB39
100 _a Berque, Jacques
_93820
245 _aLos árabes de ayer y de mañana /
260 _a México, D.F :
_bFondo de Cultura Económica,
_c1964.
300 _a451 páginas ;
_c17 cm.
505 _aRuptura del Hombre tradicional -- Invariantes y variables -- Enfoque de lo económico -- Finanza: una enfermedad del signo -- El acceso a la técnica o el renacimiento del objeto...
650 _aMedio oriente.
_91780
650 _aCultura.
_9126
650 _aAntropología.
_9878
650 _aHistoria.
_9136
650 _aArabia.
_93821
942 _2ddc
_cLIBROS
945 _admma
_d2019-02-26